<?xml version="1.0" encoding="UTF-8"?>
<record
    xmlns:xsi="http://www.w3.org/2001/XMLSchema-instance"
    xsi:schemaLocation="http://www.loc.gov/MARC21/slim http://www.loc.gov/standards/marcxml/schema/MARC21slim.xsd"
    xmlns="http://www.loc.gov/MARC21/slim">

  <leader>01496nam a22002177a 4500</leader>
  <controlfield tag="008">121206t        xxu||||| |||| 00| 0 eng d</controlfield>
  <datafield tag="020" ind1=" " ind2=" ">
    <subfield code="a">9964303254</subfield>
  </datafield>
  <datafield tag="050" ind1=" " ind2=" ">
    <subfield code="a">LC5258.G4 P882</subfield>
  </datafield>
  <datafield tag="245" ind1=" " ind2=" ">
    <subfield code="a">The Practice of adult education in Ghana. /</subfield>
    <subfield code="c">edited by Kobina Asiedu, Kate Adoo-Adeku and A.K. Amedzro</subfield>
  </datafield>
  <datafield tag="260" ind1=" " ind2=" ">
    <subfield code="a">Ghana:</subfield>
    <subfield code="b">Ghana University Press Accra,</subfield>
    <subfield code="c">c2001.</subfield>
  </datafield>
  <datafield tag="300" ind1=" " ind2=" ">
    <subfield code="a">xi, 240 p.:</subfield>
    <subfield code="b">ill.;</subfield>
    <subfield code="c">23cm.</subfield>
  </datafield>
  <datafield tag="500" ind1=" " ind2=" ">
    <subfield code="a">Includes index.</subfield>
  </datafield>
  <datafield tag="505" ind1=" " ind2=" ">
    <subfield code="a">Contents: The Origins of adult education: Philosophical basis of adult education in Ghana -- The Social context of adult education in Ghana -- Agricultural extension and rural development in Ghana  -- University-based adult education in Ghana 1948-2000 -- Adult education for the marginalized: Adult education and women in Ghana -- The Aged in Ghana -- Non-governmental organizations in adult education in Ghana: the case of Ghana Institute of Linguistics, Literacy and Bible Translation -- Emerging agenda: Environmental education in Ghana -- Civic education in Ghana -- Distance education in Ghana: past, present and the future -- Growth and stability: Financing adult education in Ghana -- Training of adult educators in Ghana -- Entrepreneurship development training programmes in Ghana.</subfield>
  </datafield>
  <datafield tag="650" ind1=" " ind2=" ">
    <subfield code="b">Adult education</subfield>
    <subfield code="x">Ghana. </subfield>
  </datafield>
  <datafield tag="650" ind1=" " ind2=" ">
    <subfield code="a">Women </subfield>
    <subfield code="x"> Adult education </subfield>
    <subfield code="x"> Ghana. </subfield>
  </datafield>
  <datafield tag="650" ind1=" " ind2=" ">
    <subfield code="a">Older people</subfield>
    <subfield code="x"> Adult education </subfield>
    <subfield code="x">Ghana. </subfield>
  </datafield>
  <datafield tag="700" ind1=" " ind2=" ">
    <subfield code="a">Asiedu, Kobina</subfield>
  </datafield>
  <datafield tag="700" ind1=" " ind2=" ">
    <subfield code="a">Adoo-Adeku, Kate</subfield>
  </datafield>
  <datafield tag="700" ind1=" " ind2=" ">
    <subfield code="a">Amedzro, A.K.</subfield>
  </datafield>
  <datafield tag="942" ind1=" " ind2=" ">
    <subfield code="2">lcc</subfield>
    <subfield code="c">BK</subfield>
  </datafield>
  <datafield tag="999" ind1=" " ind2=" ">
    <subfield code="c">2640</subfield>
    <subfield code="d">10140</subfield>
  </datafield>
  <datafield tag="952" ind1=" " ind2=" ">
    <subfield code="0">0</subfield>
    <subfield code="1">0</subfield>
    <subfield code="2">lcc</subfield>
    <subfield code="4">0</subfield>
    <subfield code="7">0</subfield>
    <subfield code="a">WIUC-1</subfield>
    <subfield code="b">WIUC-1</subfield>
    <subfield code="c">AEC</subfield>
    <subfield code="d">2012-12-06</subfield>
    <subfield code="l">0</subfield>
    <subfield code="o">LC5258.G4 P882</subfield>
    <subfield code="p">6922/12</subfield>
    <subfield code="r">2012-12-06 00:00:00</subfield>
    <subfield code="w">2012-12-06</subfield>
    <subfield code="y">BK</subfield>
  </datafield>
  <datafield tag="952" ind1=" " ind2=" ">
    <subfield code="0">0</subfield>
    <subfield code="1">0</subfield>
    <subfield code="2">lcc</subfield>
    <subfield code="4">0</subfield>
    <subfield code="7">0</subfield>
    <subfield code="a">WIUC-1</subfield>
    <subfield code="b">WIUC-1</subfield>
    <subfield code="c">AEC</subfield>
    <subfield code="d">2012-12-13</subfield>
    <subfield code="l">0</subfield>
    <subfield code="o">LC5258.G4 P881</subfield>
    <subfield code="p">6923/12</subfield>
    <subfield code="r">2012-12-13 00:00:00</subfield>
    <subfield code="t">2</subfield>
    <subfield code="w">2012-12-13</subfield>
    <subfield code="y">BK</subfield>
  </datafield>
  <datafield tag="952" ind1=" " ind2=" ">
    <subfield code="0">0</subfield>
    <subfield code="1">0</subfield>
    <subfield code="2">lcc</subfield>
    <subfield code="4">0</subfield>
    <subfield code="7">0</subfield>
    <subfield code="a">WIUC-1</subfield>
    <subfield code="b">WIUC-1</subfield>
    <subfield code="c">AEC</subfield>
    <subfield code="d">2012-12-13</subfield>
    <subfield code="l">0</subfield>
    <subfield code="o">LC5258.G4 P882</subfield>
    <subfield code="p">6964/12</subfield>
    <subfield code="r">2012-12-13 00:00:00</subfield>
    <subfield code="t">3</subfield>
    <subfield code="w">2012-12-13</subfield>
    <subfield code="y">BK</subfield>
  </datafield>
</record>
